| 000 | 00369nam a22000977a 4500 | ||
|---|---|---|---|
| 245 |
_aHistorical witness to ethnic equality, unity and development in Xinjiang _cThe State Council Information Office of the People's Republic of China |
||
| 260 |
_aBeijing _bForeign Language Press _c2015 |
||
| 300 | _a55p | ||
| 942 |
_2ddc _cBK |
||
| 999 |
_c586539 _d586539 |
||